000 00802nam a2200253Ia 4500
003 OSt
005 20220918170835.0
006 a|||||r|||| 00| 0
007 ta
008 220917b |||||||| |||| 00| 0 eng d
020 _a9780710313522 (hbk)
_c4839.10
024 _a242,177
037 _b5730, 15/06/2010, Efficient Book Distributors
_cTextual
040 _aARTS
_cARTS
_beng
041 _2eng
_aeng
082 _aV678.N56, Q0(906)
100 _aDeng Francis M.
_931576
245 0 _aFrontiers of unity
_b Experiment in Afro-Arab cooperation
260 _aLondon
_bRoutledge UK
_c2010
300 _a238p.
_ccm.
650 _aHISTORY
942 _hV678.N56, Q0(906)
_cTEXL
_2CC
999 _c136141
_d136141